Collected poems of I.K. Sharma : (Record no. 65438)

MARC details
000 -LEADER
fixed length control field 00807nam a22002297a 4500
005 - DATE AND TIME OF LATEST TRANSACTION
control field 20120423112954.0
008 - FIXED-LENGTH DATA ELEMENTS--GENERAL INFORMATION
fixed length control field 120423t xxu||||| |||| 00| 0 eng d
010 ## - LCCN (DPL NO)
LC control number ENG-105044
020 ## - INTERNATIONAL STANDARD BOOK NUMBER
International Standard Book Number 9788181522870
Terms of availability 750.00
035 ## - SYSTEM CONTROL NUMBER
System control number EN-88577
037 ## - SOURCE OF ACQUISITION
Source of stock number/acquisition DBAD/PUB
040 ## - CATALOGING SOURCE
Original cataloging agency DPL
Language of cataloging Eng
082 ## - DEWEY DECIMAL CLASSIFICATION NUMBER
Classification number 881
100 ## - MAIN ENTRY--PERSONAL NAME
9 (RLIN) 45189
Personal name Sharma, I.K.
245 ## - TITLE STATEMENT
Title Collected poems of I.K. Sharma :
Statement of responsibility, etc by I.K. Sharma with an introduction by Rita Nath Keshari
Remainder of title 1970-2010 /
260 ## - PUBLICATION, DISTRIBUTION, ETC. (IMPRINT)
Place of publication, distribution, etc Jaipur
Name of publisher, distributor, etc Book Enclave
Date of publication, distribution, etc 2010
270 ## - ADDRESS
Address Jain Bhawan, Opp. N.E.I., Shanti Nagar
City Jaipur
Postal code 302006
300 ## - PHYSICAL DESCRIPTION
Extent xiii,231p.
Dimensions 22cm(Hb)
500 ## - GENERAL NOTE
General note Includes index
942 ## - ADDED ENTRY ELEMENTS (KOHA)
Source of classification or shelving scheme Dewey Decimal Classification
Item type English Books
Call number suffix SHA
Classification part 881
Holdings
Withdrawn status Lost status Source of classification or shelving scheme Damaged status Not for loan Collection code Home library Current library Date acquired Source of acquisition Cost, normal purchase price Total Checkouts Full call number Barcode Date last seen Copy number Cost, replacement price Koha item type
    Dewey Decimal Classification   Not For Loan Non-fiction D.B.Act.Division D.B.Act.Division 23/04/2012 DBAD/PUB 750.00   881 SHA EN-88577 23/04/2012 1 750.00 English Books

© Delhi Public Library
Hit Counter
free hit counter